| 000 | 00866nam a22002417a 4500 | ||
|---|---|---|---|
| 005 | 20170124105943.0 | ||
| 010 | _aB-181234 | ||
| 020 |
_c325.00 _a818749882 |
||
| 035 | _aB-181234 | ||
| 037 | _bCen Lib/Ret | ||
| 040 |
_aDPL _bEN |
||
| 082 |
_a302.544 _bJHA |
||
| 100 |
_aJha, Praveen Kumar _911674 |
||
| 245 |
_aPsychology of organisational alienation / _cby Praveen Kumar Jha [and] Ranjan Prasad |
||
| 260 |
_aNew Delhi _bSaloni Publishing House _c2004 |
||
| 270 |
_a4675/21, Ansari Road, Darya Ganj _bNew Delhi _e110002 |
||
| 300 |
_axi,143p. _c22cm(Hb) |
||
| 500 | _aIncludes bibliographic references and index | ||
| 650 |
_aPsychology _911675 |
||
| 650 |
_aPsychological studies _98864 |
||
| 700 |
_aPrasad, Rajan _911676 |
||
| 942 |
_2ddc _cEN _h302.544 _mJHA |
||
| 999 |
_c124705 _d124705 |
||